Gazing at Stars: Stories from Asia / (Record no. 4846)

MARC details
000 -LEADER
fixed length control field 01323nam a22002897a 4500
001 - CONTROL NUMBER
control field 4846
003 - CONTROL NUMBER IDENTIFIER
control field FISKH
005 - DATE AND TIME OF LATEST TRANSACTION
control field 20241017152606.0
008 - FIXED-LENGTH DATA ELEMENTS--GENERAL INFORMATION
fixed length control field 241017b cb ||||| |||| 00| 0 eng d
020 ## - INTERNATIONAL STANDARD BOOK NUMBER
International Standard Book Number 9780194794206
040 ## - CATALOGING SOURCE
Original cataloging agency FISKH
Language of cataloging eng
Transcribing agency FISKH
Modifying agency FISKH
050 ## - LIBRARY OF CONGRESS CALL NUMBER
Classification number PE1126.A4
082 ## - DEWEY DECIMAL CLASSIFICATION NUMBER
Classification number 428.6
100 ## - MAIN ENTRY--PERSONAL NAME
Personal name West, Clare
245 ## - TITLE STATEMENT
Title Gazing at Stars: Stories from Asia /
Statement of responsibility, etc. Retold by Clare West
260 ## - PUBLICATION, DISTRIBUTION, ETC.
Place of publication, distribution, etc. Oxford :
Name of publisher, distributor, etc. Oxford University Press ;
Date of publication, distribution, etc. 2003 .
300 ## - PHYSICAL DESCRIPTION
Extent 119 pages :
Other physical details illustrations ;
Dimensions 21 cm .
490 ## - SERIES STATEMENT
Series statement Oxford Bookworms
Volume/sequential designation Book 6
505 ## - FORMATTED CONTENTS NOTE
Formatted contents note S <br/>
520 ## - SUMMARY, ETC.
Summary, etc. How fair is fair trade? When the American models leave the Malaysian island after their fashion shoot, they take away more than just photographs, and leave behind a family that will never be the same again.Bookworms World Stories collect stories written in English from around the world. These stories from China, India, Malaysia, and Singapore, are by writers Lui Hong, Attia Hosain, Preeta Samarasan, Hwee Hwee Tan, Ridjal Noor, Shashi Deshpande, Ovidia Yu, Nora Adam, Nirupama Subramanian, and CatherineLim.
521 8# - TARGET AUDIENCE NOTE
Target audience note 790 <br/>
Source Lexile estimate <br/><br/>
521 8# - TARGET AUDIENCE NOTE
Target audience note S <br/>
Source Raz-Plus <br/>
650 ## - SUBJECT ADDED ENTRY--TOPICAL TERM
Topical term or geographic name entry element old wedding ceremony
Form subdivision fiction
700 ## - ADDED ENTRY--PERSONAL NAME
Personal name Bassett, Jennifer
Relator term Series Editor
942 ## - ADDED ENTRY ELEMENTS (KOHA)
Source of classification or shelving scheme Dewey Decimal Classification
Koha item type Books
Suppress in OPAC No
Holdings
Withdrawn status Lost status Source of classification or shelving scheme Damaged status Not for loan Collection Home library Current library Shelving location Date acquired Total Checkouts Full call number Barcode Date last seen Price effective from Koha item type
    Dewey Decimal Classification     Fiction Footprints International School Library Network Toul Kork Campus Footprints International School Library Network Toul Kork Campus TTP Secondary Fiction Bookshelves 10/17/2024   WES 428.6 PE1126.A4 FISSE03166 10/17/2024 10/17/2024 Books